000 00733nam a2200265Ia 4500
005 20260302114019.0
008 008 260114s9999 xx 000 0 eng d
020 _a9781350023857
037 _aTextbook
040 _aCRL
040 _beng
040 _cCRL
041 _2eng
041 _aeng
084 _qCRL
100 _aTony Berber Sardinha and Marcia Veirano Pinto
_91117504
245 0 _aMulti-Dimensional Analysis Research Methods and Current Issues
260 _bBloomsbury
260 _bBloomsbury Academic
260 _c2019
650 _aLinguistics
856 _uhttps://dx.doi.org/10.5040/9781350023857?locatt=label:secondary_bloomsburyCollections
942 _cEBOOK
999 _c1681035
_d1681035